00306 a2200133 450000100060000002000060000604000370001210000190004924000290006824500240009730000110012136200090013265000310014172074 a  cAnchieta - Colégio São Paulo aRocha, Kátia10aA poesia das coisaslpor10aA poesia das coisas a[42p.]0 a2008 4aLiteratura infanto-juvenil